| 000 | 01298 a2200265 4500 | ||
|---|---|---|---|
| 003 | OSt | ||
| 005 | 20180116192401.0 | ||
| 008 | 120703t xxu||||| |||| 00| 0 eng d | ||
| 020 | _a0714838152 (hardcover) | ||
| 020 | _a9780714838151 (hardcover) | ||
| 040 | _c0 | ||
| 082 | 0 | 4 | _a909.8290222 |
| 100 | 1 |
_aNachtwey, James. _95442 |
|
| 245 | 1 | 0 |
_aInferno / _cJames Nachtwey. |
| 250 | _aFirst Edition First State. | ||
| 260 |
_aLondon : _bPhaidon Press, _c1999. |
||
| 300 |
_a480 p. : _bill. ; _c39 cm. |
||
| 520 | _aA document of war and strife during the 1990s, this volume of photographs by the photojournalist James Nachtwey includes dramatic and shocking images of human suffering in Rwanda, Somalia, Romania, Bosnia, Chechnya and India, a well as photographs of the conflict in Kosovo. An essay by the author Luc Sante is included. The book is published to coincide with an exhibition of Nachtwey's work at the International Centre of Photography, New York. | ||
| 650 | 1 | 0 |
_aDocumentary photography _95443 |
| 650 | 1 | 0 |
_aWar photography _95444 |
| 650 | 1 | 0 |
_aAtrocities _xWar _95445 |
| 856 | 4 | 0 |
_3Amazon.com _uhttp://www.amazon.com/exec/obidos/ASIN/0714838152/chopaconline-20 |
| 942 |
_aSADA _cREF _kREF 909.8290222 NAC 1999 _2ddc |
||
| 999 |
_c353319 _d353319 |
||